00647nam a2200193Ia 4500008004100000020001400041082001400055100002200069245006300091250000800154260004500162300002600207500001900233600003300252650001600285942000700301952013000308999001500438240925s9999 xx 000 0 und d a136250475 a519.4 MAT aMathews, John H. 0aNumerical Methods for Mathematics Science and Engineering  a2nd aNew Jersey:bPrintice- Hall Int.c,1992. axi,412p.bNAfPirated aIncludes Index aHumanities & Natural Science aMathematics cBK 001040708HUMaUITUbUITUd2003-01-21eKhaliq book Binderg459.80l0o519.4 MATpQ4845r2024-09-25 07:13:39w2024-09-25yBK c7344d7344